000
00290nam a2200121Ia 4500
008
191201s2008 xx 000 0 und d
100
_a
KHURANA, Aashok
245
0
_a
Statistics for Management
260
_a
N. Delhi
_b
S.Dinesh & Co
_c
2008
300
_a
Mise.
650
_a
MBA
942
_2
ddc
_c
BK
999
_c
342
_d
342